00000000nam 2200000zi 4500
0019.945548
003CaOODSP
00520241127143906
006m     o  d f      
007cr mn|||||||||
008241125e199509##oncd    ob   f000 0 eng d
040 |aCaOODSP|beng|erda|cCaOODSP
043 |an-cn---
0861 |aE2-161/1995E-PDF
1101 |aCanada. |bDepartment of Foreign Affairs and International Trade, |eauthor.|eissuing body.
24510|aTowards a rapid reaction capability for the United Nations.
264 1|a[Ottawa] : |bGovernment of Canada = Gouvernement du Canada, |cSeptember 1995.
300 |a1 online resource (78 pages) : |bgraphs
336 |atext|btxt|2rdacontent
337 |acomputer|bc|2rdamedia
338 |aonline resource|bcr|2rdacarrier
500 |aDigitized edition from print [produced by Government of Canada Publications Directorate].
500 |a"Report of the Government of Canada."
500 |aIssued also in French under title: Les opérations de paix de l'ONU : vers une capacité de réaction rapide.
504 |aIncludes bibliographical references (pages 76-78).
650 0|aInternational relations.
650 0|aInternational cooperation.
651 0|aCanada|xForeign relations.
77508|tLes opérations de paix de l'ONU : |w(CaOODSP)9.945552
7760#|tTowards a rapid reaction capability for the United Nations : |w(CaOODSP)9.658015
85640|qPDF|s7.32 MB|uhttps://publications.gc.ca/collections/collection_2024/amc-gac/E2-161-1995-eng.pdf